Statistics for Kuiz Negara-Negara Dunia (Bahasa Melayu)

Click here to take the quiz!

General Stats

  • This quiz has been taken 237 times
  • The average score is 53 of 196

Answers on the Map

Answers color-coded by a green-red scale on the quiz's map according to % correct below.
 

Answer Stats

Country% Correct
Malaysia
89%
Indonesia
78%
China
69%
Brazil
65%
Rusia
65%
Korea Selatan
64%
Thailand
64%
Argentina
63%
India
63%
Korea Utara
63%
Jepun
60%
Arab Saudi
58%
Australia
58%
Israel
58%
Iran
54%
Portugal
54%
Iraq
53%
Kanada
53%
Bangladesh
52%
Iceland
52%
Vietnam
52%
Laos
51%
Mesir
50%
Amerika Syarikat
49%
Pakistan
48%
Turki
48%
Filipina
47%
Afrika Selatan
46%
Mexico
46%
Poland
45%
Mongolia
44%
Perancis
44%
Itali
43%
Kemboja
43%
Qatar
43%
Brunei Darussalem
42%
Jerman
42%
Myanmar
41%
Nepal
41%
Singapura
41%
Finland
40%
Jordan
40%
New Zealand
40%
Norway
40%
Oman
40%
Sweden
40%
Chile
39%
Belanda
38%
United Kingdom
38%
Belgium
37%
Denmark
37%
Afghanistan
36%
Uruguay
36%
Yaman
35%
Sri Lanka
34%
Taiwan
34%
Algeria
32%
Ireland
32%
Syria
32%
Austria
31%
Bhutan
31%
Sepanyol
31%
Belarus
30%
Colombia
30%
Madagascar
30%
Kazakhstan
29%
Niger
29%
Peru
29%
Timor Leste
29%
Ukraine
29%
Palau
28%
Estonia
27%
Libya
27%
Somalia
27%
Sudan
27%
Uzbekistan
27%
Bahrain
26%
Latvia
26%
Panama
26%
Papua New Guinea
26%
Romania
26%
Fiji
25%
Kuwait
25%
Venezuela
25%
Zimbabwe
25%
Armenia
24%
Chad
24%
Paraguay
24%
Tajikistan
24%
Tunisia
24%
Turkmenistan
24%
Albania
23%
Bolivia
23%
Monaco
23%
Nigeria
23%
Yunani
23%
Ecuador
22%
Georgia
22%
Maldives
22%
Croatia
21%
Cuba
21%
Cyprus
21%
Luxembourg
21%
Malawi
21%
Mali
21%
Mauritania
21%
Sudan Selatan
21%
Zambia
21%
Angola
20%
Guatemala
20%
Haiti
20%
Kota Vatican
20%
Switzerland
20%
Azerbaijan
19%
El Salvador
19%
Jamaika
19%
Lithuania
19%
Lubnan
19%
Senegal
19%
Togo
19%
Costa Rica
18%
Moldova
18%
Nauru
18%
Slovakia
18%
Vanuatu
18%
Ghana
17%
Guinea
17%
Guinea-Bissau
17%
Honduras
17%
Kyrgyzstan
17%
Liberia
17%
Mauritius
17%
Republik Congo
17%
Suriname
17%
Bahamas
16%
Emiriah Arab Bersatu
16%
Lesotho
16%
Maghribi
16%
Malta
16%
Republik Demokratik
Congo
16%
Tuvalu
16%
Andorra
15%
Cameroon
15%
Comoros
15%
Dominika
15%
Guyana
15%
Kenya
15%
Kosovo
15%
Serbia
15%
Slovenia
15%
Bosnia dan
Herzegovina
14%
Hungary
14%
Namibia
14%
San Marino
14%
Uganda
14%
Antigua dan Barbuda
13%
Belize
13%
Bulgaria
13%
Gabon
13%
Guinea Khatulistiwa
13%
Kepulauan Solomon
13%
Liechtenstein
13%
Seychelles
13%
Botswana
12%
Haybsyah
12%
Kiribati
12%
Republik Czech
12%
Saint Lucia
12%
Tonga
12%
Barbados
11%
Djibouti
11%
Eritrea
11%
Eswatini
11%
Gambia
11%
Kepulauan Marshall
11%
Makedonia Utara
11%
Nicaragua
11%
Persekutuan Micronesia
11%
Samoa
11%
Benin
10%
Grenada
10%
Montenegro
10%
Sierra Leone
10%
Tanzania
10%
Burkina Faso
9%
Rwanda
9%
Burundi
8%
Côte d'Ivoire
8%
Mozambique
8%
Republik Dominika
8%
Saint Kitts dan Nevis
8%
Tanjung Verde
8%
Trinidad dan Tobago
8%
Republik Afrika Tengah
7%
Saint Vincent dan
Grenadines
7%
São Tomé dan Príncipe
7%

Score Distribution

Percentile by Number Answered

Percent of People with Each Score

Your Score History

You have not taken this quiz